Southville International School and Colleges
Your cart is empty.
  • Cart
  • Lists
    Public lists Eva Luna New books Lux_list list_1
    Your lists Log in to create your own lists
  • Log in to your account
  • Your cookies
  • Search history
Southville International School and Colleges
  • Advanced search
  • Recent comments
  • Most popular
  • Libraries

Log in to your account

Log in with GOOGLE


If you do not have an external account, but do have a local account, you can still log in:

  1. Home
  2. MARC view: Daisy little dance /
Normal view MARC view ISBD view

Daisy little dance / (Record no. 111259)

[ view plain ]
MARC details
000 -LEADER
fixed length control field 00516nam a2200181 a 4500
001 - CONTROL NUMBER
control field 3828
005 - DATE AND TIME OF LATEST TRANSACTION
control field 20140414131912.0
008 - FIXED-LENGTH DATA ELEMENTS--GENERAL INFORMATION
fixed length control field 061020s19uu xx 00 eng d
050 ## - LIBRARY OF CONGRESS CALL NUMBER
Classification number ER
Item number D14 1997
100 ## - MAIN ENTRY--PERSONAL NAME
Personal name Birkinshaw, Marie
245 ## - TITLE STATEMENT
Title Daisy little dance /
Statement of responsibility, etc by Marie Birkinshaw ; illustrated by David Pace.
260 ## - PUBLICATION, DISTRIBUTION, ETC. (IMPRINT)
Place of publication, distribution, etc Leicesterashire, UK :
Name of publisher, distributor, etc Ladybird Books,
Date of publication, distribution, etc 1997.
300 ## - PHYSICAL DESCRIPTION
Extent p. ; cm.
440 ## - SERIES STATEMENT/ADDED ENTRY--TITLE
Title Little Stories
650 ## - SUBJECT ADDED ENTRY--TOPICAL TERM
Topical term or geographic name as entry element Ballet
General subdivision fiction.
650 ## - SUBJECT ADDED ENTRY--TOPICAL TERM
Topical term or geographic name as entry element Children stories.
Holdings
Withdrawn status Lost status Damaged status Use restrictions Home library Current library Shelving location Date acquired Source of acquisition Total Checkouts Full call number Barcode Date last seen Price effective from Koha item type
        Munich Library Munich Library Easy Reading Section 10/20/2006     ER D14 1997 M1887 04/14/2014 04/14/2014 Books

Daisy little dance /

APA

Birkinshaw M., . (1997). Daisy little dance. Leicesterashire, UK: Ladybird Books.

Chicago

Birkinshaw Marie, . 1997. Daisy little dance. Leicesterashire, UK: Ladybird Books.

Harvard

Birkinshaw M., . (1997). Daisy little dance. Leicesterashire, UK: Ladybird Books.

MLA

Birkinshaw Marie, . Daisy little dance. Leicesterashire, UK: Ladybird Books. 1997.

  • Place hold
  • Print
  • Cite
  • Add to your cart (remove)
  • Save record
    BIBTEX Dublin Core MARCXML MARC (non-Unicode/MARC-8) MARC (Unicode/UTF-8) MARC (Unicode/UTF-8, Standard) MODS (XML) RIS
  • More searches
    Search for this title in:
    Other Libraries (WorldCat) Other Databases (Google Scholar) Online Stores (Bookfinder.com) Open Library (openlibrary.org)

Exporting to Dublin Core...

SOUTHVILLE LIBRARY

Southville International School and Colleges Library

1281 Tropical Ave. Cor. Luxembourg St., BF Homes International, Las Pinas City

Tel. No. 8256374 / 252358 Loc. 117/146

Powered by Koha